NLSUI OPAC header image

Garden and landscape practices in pre-colonial India : Histories fro the deccan (Record no. 34091)

MARC details
000 -LEADER
fixed length control field 01579nam a2200217Ia 4500
003 - CONTROL NUMBER IDENTIFIER
control field OSt
005 - DATE AND TIME OF LATEST TRANSACTION
control field 20210623152018.0
008 - FIXED-LENGTH DATA ELEMENTS--GENERAL INFORMATION
fixed length control field 160316s2012 xxu||||| |||| 00| 0 eng d
020 ## - INTERNATIONAL STANDARD BOOK NUMBER
International Standard Book Number 9780415664936
040 ## - CATALOGING SOURCE
Transcribing agency n
082 ## - DEWEY DECIMAL CLASSIFICATION NUMBER
Classification number 635.900000
Item number ALI
100 ## - MAIN ENTRY--PERSONAL NAME
Personal name Ali Daud
245 ## - TITLE STATEMENT
Title Garden and landscape practices in pre-colonial India : Histories fro the deccan
260 ## - PUBLICATION, DISTRIBUTION, ETC.
Place of publication, distribution, etc. New Delhi
Name of publisher, distributor, etc. Routledge
Date of publication, distribution, etc. 2012
300 ## - PHYSICAL DESCRIPTION
Extent 200p
Dimensions xix
365 ## - TRADE PRICE
Price amount Rs. 1,295
505 ## - FORMATTED CONTENTS NOTE
Formatted contents note Table of contents<br/>Foreword Monica Juneja;<br/>Contents;<br/>Glossary;<br/>List of Plates;<br/>Acknowledgements;<br/>Introduction Daud Ali & Emma J. Flatt;<br/>1. The Use of Garden Imagery in Early Indian Buddhism Akira Shimada;<br/>2. Botanical Technology and Garden Culture in Somesvara's Manasollasa Daud Ali;<br/>3. Nature, Dams, Wells and Gardens: The Route of Water in and around Bidar Klaus Rotzer & Pushkar Sohoni;<br/>4. Paradise on Earth: The Deccan Sultanates Ronald Inden;<br/>5. In Amin Khan's Garden: Charitable Gardens in Qutb Shahi Andhra Phillip B. Wagoner;<br/>6. The Use of Imaginary Landscapes in Paintings from Bijapur Deborah Hutton;<br/>7. Reading Gardens in Deccani Court Poetry: A Reappraisal of Nusrati's Gulshan-i Ishq Ali Akbar Husain;<br/>8. The Nizamshahi Persianate Garden in Zuhuri's Saqinama Sunil Sharma;<br/>9. Heavenly Gardens: Astrology and Magic in the Garden Culture of the Medieval Deccan Emma J. Flatt; About the Editors;<br/>About the Contributors;<br/>Index
650 ## - SUBJECT ADDED ENTRY--TOPICAL TERM
Topical term or geographic name entry element 1. Gardening - Landscape - India 2, Horticulture - Gardening - Pre-Colonial India - Guide
700 ## - ADDED ENTRY--PERSONAL NAME
Personal name Flatt Emma
--
942 ## - ADDED ENTRY ELEMENTS (KOHA)
Source of classification or shelving scheme Dewey Decimal Classification
Koha item type BOOKs
Holdings
Withdrawn status Lost status Damaged status Not for loan Home library Current library Shelving location Date acquired Cost, normal purchase price Total Checkouts Full call number Barcode Date last seen Price effective from Koha item type
        . . NAB Compactor 30.05.2017 1295.00   635.9 ALI 30383 30.05.2017 30.05.2017 BOOKs